[Event "Kiev Spring op"]
[Site "Kiev"]
[Date "2021.07.11"]
[Round "2"]
[White "Hryshchenko, Kamila"]
[Black "Koshel, Stanislav"]
[Result "1/2-1/2"]
[WhiteElo "2055"]
[BlackElo "1810"]
[PlyCount "74"]
[EventDate "2021.07.10"]
[EventType "swiss"]
[EventRounds "9"]
[EventCountry "UKR"]
[SourceTitle "EXT 2024"]
[Source "ChessBase"]
[SourceDate "2023.10.10"]
[SourceVersion "1"]
[SourceVersionDate "2023.10.10"]
[SourceQuality "1"]

1. e4 e5 2. Nf3 Nc6 3. Bb5 a6 4. Ba4 Nf6 5. d4 exd4 6. 0-0 Be7 7. Re1 b5 8. e5 Nxe5 9. Nxe5 bxa4 10. Qxd4 0-0 11. Qxa4 Rb8 12. Nd3 Re8 13. Nc3 Bb7 14. Bf4 d6 15. Rad1 Qd7 16. Qa5 Qc6 17. f3 Bf8 18. Bg5 Nd7 19. Qf5 g6 20. Qg4 Bg7 21. Kh1 Ne5 22. Nxe5 Rxe5 23. Rxe5 Bxe5 24. Qh4 Qb6 25. Bc1 Re8 26. Re1 Re6 27. Bh6 c5 28. Ne4 Bxe4 29. Qxe4 Qd8 30. Qc6 d5 31. Qxc5 Bd4 32. Qb4 Rxe1+ 33. Qxe1 Bxb2 34. Qb4 Bg7 35. Bf4 Bf8 36. Qe1 Qf6 37. Be5 Qe6 1/2-1/2

[Event "Kiev Shystarev Memorial 1st"]
[Site "Kiev"]
[Date "2020.08.29"]
[Round "6"]
[White "Voroshilov, Daniil"]
[Black "Koshel, Stanislav"]
[Result "1/2-1/2"]
[WhiteElo "1848"]
[BlackElo "1856"]
[PlyCount "66"]
[EventDate "2020.08.25"]
[EventType "swiss"]
[EventRounds "9"]
[EventCountry "UKR"]
[SourceTitle "EXT 2022"]
[Source "ChessBase"]
[SourceDate "2021.10.06"]
[SourceVersion "1"]
[SourceVersionDate "2021.10.06"]
[SourceQuality "1"]

1. e4 c5 2. Be2 Nc6 3. f4 g6 4. Nf3 d5 5. d3 Bh6 6. 0-0 Nf6 7. e5 Nh5 8. f5 Bxc1 9. Qxc1 Bxf5 10. Nh4 Nd4 11. Bd1 Ng7 12. Qh6 0-0 13. g4 Be6 14. Nd2 f6 15. Ndf3 Bxg4 16. Nxd4 Bxd1 17. Qxg7+ Kxg7 18. Ne6+ Kg8 19. Nxd8 Bxc2 20. Ne6 Bxd3 21. Rfd1 c4 22. Nxf8 Rxf8 23. e6 f5 24. Re1 Be4 25. Kf2 Rf6 26. Nf3 Rxe6 27. Ng5 Rb6 28. Nxe4 fxe4 29. Re2 Rf6+ 30. Ke3 e5 31. Rf2 d4+ 32. Ke2 Rb6 33. Ke1 e3 1/2-1/2